000 00973cam a2200289 4500
001 9072
003 BD-RjUL
005 20211208234718.0
008 140120s1972 ne b 001 0 eng
020 _a0444103708 (American Elsevier)
035 _a(BD-RjUL)9117
040 _aDLC
_cDLC
_dDLC
_dICU
_dBD-RjUL
_beng
041 _aeng
082 0 0 _a537.6
_219
_bGRF
100 1 _aGroot, S. R. de
_q(Sybren Ruurds),
_d1916-
_928165
245 1 0 _aFoundations of electrodynamics.
_c[By] S. R. de Groot and L. G. Suttorp.
260 _aAmsterdam :
_bNoord-Hollandsche U.M.,
_c1972.
300 _axii, 535 p. :
_c24 cm.
350 _afl145.60
500 _aOn verso of t.p.: Sole distributor for the U.S.A: American Elsevier Pub. Co., New York.
504 _aIncludes bibliographical references.
650 0 _aElectrodynamics.
_928166
700 1 _aSuttorp, L. G.
_q(Leendert Gerrit),
_ejoint author.
_928167
942 _2ddc
_cBK
999 _c9072
_d9072